000 00843cam a2200217 i 4500
005 20251214092615.0
008 250721s2002 ua gr 000 0 ara d
082 1 4 _a216.532
_bع د و
100 1 _aالعدوي، أبي عبد الله مصطفى
_eمؤلف.
245 1 0 _aفقه تربية الأبناء وظائفه من نصائح الأطباء /
_cتأليف ابي عبدالله مصطفى بن العدوي.
250 _aالبطبعة الأولى.
264 3 1 _aالقاهرة :
_bدار ابن رجب للنشر والتوزيع،
_c2002.
300 _a220 صفحة.
650 1 7 _aالفقه الإسلامي.
650 1 7 _aالتربية.
650 1 7 _aالأبناء.
650 1 7 _aالأحكام الشرعية.
650 1 7 _aالوالدين.
942 _2ddc
_cBK
999 _c58437
_d58437